000 00618nam a22002057a 4500
999 _c2987
_d2987
003 AR-CdUCM
008 190305b ||||| |||| 00| 0 spa d
040 _aMUNICIPALIDAD PROVINCIAL DEL CUSCO
_cBIBLIOTECA MUNICIPAL DEL CUSCO
041 _hhun
082 _a800.8 /
_bP27
100 _aPassuth, László
_910193
245 _aEl dios de la lluvia llora sobre México /
260 _aLa Habana :
_bEdit. de Arte y Literatura,
_c1975.
300 _a422 páginas ;
_c18 cm.
650 _aNovela
_95
650 _aNovela histórica
_92493
650 _aEscritor Húngaro
_910194
942 _2ddc
_cLIBROS
945 _admma